Las de barranco /

Guardado en:
Autor Principal: Laferrére, Gregorio de
Formato: Libro
Publicado: Buenos Aires : Kapelusz, 1994
Series:Grandes Obras de la Literatura Universal; 20
Materias:
Etiquetas: Agregar Etiqueta
Sin Etiquetas, Sea el primero en etiquetar este registro!
LEADER 01059nam a22002295a 4500
001 CEM.cems017789
005 20120510095154.0
008 130507s1994##################000#0#####d
003 CEMS
020 |a 9501321721 
082 0 4 |a A862.3 
100 1 |a Laferrére, Gregorio de 
245 1 0 |a Las de barranco /  |c Gregorio de Laferrére 
260 |a Buenos Aires :  |b Kapelusz,  |c 1994 
300 |a 89 p. 
490 0 |a Grandes Obras de la Literatura Universal; 20 
505 0 |a Estudio preliminar: Gregorio de Laferrére en el teatro nacional - Laferrére: su personalidad y el sentido de su actividad literaria - Noticia, sentido y evolución de su teatro - "Las de Barranco", drama del egoísmo y la incomunicación - Los personajes - Técnica y recursos teatrales - El lenguaje - Las de Barranco - Algunos juicios sobre Laferrére y "Las de Barranco" -Bibliografía crítica de Laferrére 
653 |a Literatura 
653 |a Literatura argentina 
653 |a Teatro 
653 |a Teatro argentino 
859 |a CEMS  |b BIB. CEMS - Agricultura  |h A862.3  |i L131-1  |p A1547.12  |t Ej.1